[Event "European Senior Team Championship 2021"]
[Site "Don Giovanni hotel, Vinohradska 2733, Prague, Czech Republic"]
[Date "2021.09.03"]
[Round "5"]
[Board "4"]
[White "Koehler, Gerhard"]
[Black "Bhend, Edwin"]
[Result "1/2-1/2"]
[WhiteElo "2183"]
[BlackElo "2104"]
[PlyCount "0"]
[EventDate "2021.08.30"]
[EventType "team"]
[EventRounds "9"]
[EventCountry "ECX"]
[WhiteTeam "LASKER SCHACHSTIFTUNG GK"]
[BlackTeam "SWITZERLAND"]

1. c4 {[%clk 1:30:57]} b6 {[%clk 1:29:55]} 2. d4 {[%clk 1:31:11]} Bb7
{[%clk 1:30:14]} 3. Nc3 {[%clk 1:31:34]} f5 {[%clk 1:30:03]} 4. Nf3
{[%clk 1:30:20]} e6 {[%clk 1:30:12]} 5. g3 {[%clk 1:28:36]} Nf6 {[%clk 1:30:12]}
6. Bg2 {[%clk 1:28:45]} Bb4 {[%clk 1:30:33]} 7. O-O {[%clk 1:28:16]} O-O
{[%clk 1:30:49]} 8. Qb3 {[%clk 1:25:22]} Bxc3 {[%clk 1:24:48]} 9. Qxc3
{[%clk 1:25:02]} Qc8 {[%clk 1:24:40]} 10. Bf4 {[%clk 1:21:40]} Nc6
{[%clk 1:21:49]} 11. Rfd1 {[%clk 1:14:56]} Ne7 {[%clk 1:21:38]} 12. Rac1
{[%clk 1:14:04]} h6 {[%clk 1:18:16]} 13. Qa3 {[%clk 1:08:15]} Ng6
{[%clk 1:16:31]} 14. Bd2 {[%clk 1:07:09]} c5 {[%clk 1:12:09]} 15. dxc5
{[%clk 0:56:11]} bxc5 {[%clk 1:12:32]} 16. Be3 {[%clk 0:50:34]} Ne4
{[%clk 1:08:58]} 17. Nd2 {[%clk 0:42:56]} Nxd2 {[%clk 0:30:05]} 18. Rxd2
{[%clk 0:38:48]} Bxg2 {[%clk 0:30:11]} 19. Kxg2 {[%clk 0:39:07]} Qc6+
{[%clk 0:30:23]} 20. f3 {[%clk 0:39:11]} Rfc8 {[%clk 0:26:36]} 21. Rcd1
{[%clk 0:38:11]} Nf8 {[%clk 0:26:56]} 22. Rd6 {[%clk 0:34:58]} Qc7
{[%clk 0:26:59]} 23. h4 {[%clk 0:30:03]} a5 {[%clk 0:27:17]} 24. h5
{[%clk 0:28:28]} a4 {[%clk 0:26:22]} 25. Bf4 {[%clk 0:28:02]} Qb7
{[%clk 0:26:04]} 26. Be5 {[%clk 0:27:45]} Ra7 {[%clk 0:24:11]} 27. Qc3
{[%clk 0:27:33]} Qb4 {[%clk 0:23:29]} 28. Bxg7 {[%clk 0:26:11]} Qxc3
{[%clk 0:23:53]} 29. Bxc3 {[%clk 0:26:28]} Kf7 {[%clk 0:24:16]} 30. Kf2
{[%clk 0:16:07]} Rcc7 {[%clk 0:24:28]} 31. e4 {[%clk 0:14:17]} fxe4
{[%clk 0:24:44]} 32. fxe4 {[%clk 0:14:41]} Nh7 {[%clk 0:25:00]} 33. Ke3
{[%clk 0:14:58]} Ke7 {[%clk 0:24:46]} 34. R6d2 {[%clk 0:09:21]} Rc8
{[%clk 0:25:00]} 35. Be5 {[%clk 0:09:24]} Rg8 {[%clk 0:22:43]} 36. Rf1
{[%clk 0:08:12]} Ke8 {[%clk 0:17:43]} 37. Bd6 {[%clk 0:08:06]} Ra6
{[%clk 0:16:51]} 38. Bf4 {[%clk 0:01:12]} Nf6 {[%clk 0:16:38]} 39. Rh1
{[%clk 0:00:59]} Ng4+ {[%clk 0:10:55]} 40. Kf3 {[%clk 0:01:24]} e5
{[%clk 0:11:16]} 41. Rh4 {[%clk 0:01:18]} exf4 {[%clk 0:10:26]} 42. Rxg4
{[%clk 0:01:39]} Rxg4 {[%clk 0:10:46]} 43. Kxg4 {[%clk 0:01:59]} fxg3
{[%clk 0:11:13]} 44. Kxg3 {[%clk 0:02:14]} Ke7 {[%clk 0:10:40]} 45. Kf4
{[%clk 0:01:57]} Rf6+ {[%clk 0:08:41]} 46. Ke3 {[%clk 0:30:05]} Rf1
{[%clk 0:38:16]} 47. Rd5 {[%clk 0:23:15]} Rb1 {[%clk 0:35:49]} 48. b3
{[%clk 0:22:02]} axb3 {[%clk 0:34:48]} 49. axb3 {[%clk 0:22:22]} Rxb3+
{[%clk 0:35:13]} 50. Kf4 {[%clk 0:22:45]} d6 {[%clk 0:33:36]} 51. e5
{[%clk 0:21:27]} dxe5+ {[%clk 0:33:49]} 52. Rxe5+ {[%clk 0:19:48]} Kd6
{[%clk 0:34:13]} 53. Rf5 {[%clk 0:20:07]} Rc3 {[%clk 0:34:04]} 54. Rf6+
{[%clk 0:20:24]} Ke7 {[%clk 0:34:24]} 55. Rxh6 {[%clk 0:20:48]} Rxc4+
{[%clk 0:34:48]} 56. Ke5 {[%clk 0:21:02]} Rc1 {[%clk 0:34:39]} 57. Rh7+
{[%clk 0:21:22]} Kf8 {[%clk 0:34:57]} 58. Kf6 {[%clk 0:21:29]} Rf1+
{[%clk 0:35:17]} 59. Kg6 {[%clk 0:21:47]} Rg1+ {[%clk 0:35:35]} 60. Kh6
{[%clk 0:22:09]} Rf1 {[%clk 0:20:28]} 61. Rc7 {[%clk 0:21:56]} Rf6+
{[%clk 0:20:51]} 62. Kg5 {[%clk 0:21:24]} Ra6 {[%clk 0:21:03]} 63. Rc8+
{[%clk 0:18:34]} Kg7 {[%clk 0:20:44]} 64. h6+ {[%clk 0:18:08]} Kh7  1/2-1/2

[Event "European Senior Team Championship 2021"]
[Site "Don Giovanni hotel, Vinohradska 2733, Prague, Czech Republic"]
[Date "2021.09.03"]
[Round "5"]
[Board "1"]
[White "Chevelevitch, Evgueni"]
[Black "Farago, Ivan"]
[Result "1/2-1/2"]
[WhiteElo "2386"]
[BlackElo "2323"]
[PlyCount "0"]
[EventDate "2021.08.30"]
[EventType "team"]
[EventRounds "9"]
[EventCountry "ECX"]
[WhiteTeam "GERMANY 1"]
[BlackTeam "HUNGARY"]

1. e4 {[%clk 1:30:55]} e6 {[%clk 1:30:51]} 2. d4 {[%clk 1:31:15]} d5
{[%clk 1:31:13]} 3. e5 {[%clk 1:31:16]} c5 {[%clk 1:31:34]} 4. c3
{[%clk 1:31:29]} Qb6 {[%clk 1:31:38]} 5. Nf3 {[%clk 1:31:04]} Nc6
{[%clk 1:31:56]} 6. Be2 {[%clk 1:30:51]} Bd7 {[%clk 1:22:48]} 7. O-O
{[%clk 1:29:32]} cxd4 {[%clk 1:22:57]} 8. cxd4 {[%clk 1:29:42]} Nge7
{[%clk 1:23:12]} 9. Nc3 {[%clk 1:16:57]} Nf5 {[%clk 1:23:05]} 10. Na4
{[%clk 1:17:06]} Qa5 {[%clk 1:22:03]} 11. Bd2 {[%clk 1:15:05]} Bb4
{[%clk 1:21:23]} 12. Bxb4 {[%clk 1:14:48]} Qxb4 {[%clk 1:21:12]} 13. a3
{[%clk 1:14:42]} Qe7 {[%clk 1:21:25]} 14. Rc1 {[%clk 1:13:44]} b6
{[%clk 1:20:53]} 15. Ba6 {[%clk 1:10:52]} Rb8 {[%clk 1:20:44]} 16. Nc3
{[%clk 1:07:25]} O-O {[%clk 1:19:28]} 17. b4 {[%clk 0:52:04]} Rbd8
{[%clk 1:12:18]} 18. Bb5 {[%clk 0:39:11]} Rc8 {[%clk 1:08:20]} 19. Ba6
{[%clk 0:38:03]} Rcd8 {[%clk 1:08:38]} 20. Qd2 {[%clk 0:37:06]} f6
{[%clk 1:01:09]} 21. Ne2 {[%clk 0:32:59]} fxe5 {[%clk 0:53:50]} 22. dxe5
{[%clk 0:33:19]} Nh4 {[%clk 0:51:13]} 23. Nxh4 {[%clk 0:33:14]} Qxh4
{[%clk 0:51:33]} 24. f4 {[%clk 0:33:06]} Nb8 {[%clk 0:46:45]} 25. Bd3
{[%clk 0:33:02]} Rc8 {[%clk 0:46:36]} 26. g3 {[%clk 0:26:51]} Qe7
{[%clk 0:46:18]} 27. Nd4 {[%clk 0:26:19]} a6 {[%clk 0:39:05]} 28. Rfe1
{[%clk 0:19:49]} g6 {[%clk 0:37:45]} 29. h4 {[%clk 0:18:46]} b5 {[%clk 0:28:39]}
30. Nb3 {[%clk 0:11:08]} Bc6 {[%clk 0:23:06]} 31. Nd4 {[%clk 0:10:38]} Qa7
{[%clk 0:21:18]} 32. Qf2 {[%clk 0:08:46]} Bd7 {[%clk 0:21:06]} 33. Nb3
{[%clk 0:07:16]} Qxf2+ {[%clk 0:17:26]} 34. Kxf2 {[%clk 0:07:45]} Kf7
{[%clk 0:16:05]} 35. Ke3 {[%clk 0:04:29]} Ke7 {[%clk 0:16:13]} 36. Rc5
{[%clk 0:04:18]} Rxc5 {[%clk 0:13:35]} 37. Nxc5 Rc8 {[%clk 0:13:30]} 38. Rh1
{[%clk 0:01:44]} Be8 {[%clk 0:13:29]} 39. Rc1 {[%clk 0:01:45]} Nd7
{[%clk 0:11:39]} 40. Kd4 {[%clk 0:01:45]} Nb6 {[%clk 0:11:29]} 41. Rc3
{[%clk 0:01:27]} Ra8 {[%clk 0:10:06]} 42. g4 {[%clk 0:21:27]} Bd7
{[%clk 0:33:34]} 43. f5 {[%clk 0:19:32]} gxf5 {[%clk 0:31:20]} 44. Nxd7
{[%clk 0:19:55]} Kxd7 {[%clk 0:31:00]} 45. gxf5 {[%clk 0:20:18]} Nc4
{[%clk 0:29:20]} 46. Bxc4 {[%clk 0:18:15]} dxc4 {[%clk 0:28:54]} 47. f6
{[%clk 0:15:11]} Rg8 {[%clk 0:23:26]} 48. a4 {[%clk 0:10:23]} Kc6
{[%clk 0:16:25]} 49. Rf3 {[%clk 0:09:32]} Rg4+ {[%clk 0:15:52]} 50. Kc3
{[%clk 0:09:48]} Rg8 {[%clk 0:16:12]} 51. axb5+ {[%clk 0:05:19]} axb5
{[%clk 0:16:34]} 52. f7 {[%clk 0:04:44]} Rf8 {[%clk 0:16:53]} 53. Kd4
{[%clk 0:04:59]} Rd8+ {[%clk 0:16:45]} 54. Ke4 {[%clk 0:04:35]} Rf8
{[%clk 0:17:08]} 55. Rf1 {[%clk 0:04:28]} Kc7 {[%clk 0:15:36]} 56. Kd4
{[%clk 0:03:24]} Rd8+ {[%clk 0:15:55]} 57. Ke4 {[%clk 0:03:21]} Rf8
{[%clk 0:16:18]} 58. Kd4  1/2-1/2

[Event "European Senior Team Championship 2021"]
[Site "Don Giovanni hotel, Vinohradska 2733, Prague, Czech Republic"]
[Date "2021.09.03"]
[Round "5"]
[Board "2"]
[White "Hardicsay, Peter"]
[Black "Hort, Vlastimil"]
[Result "1-0"]
[WhiteElo "2185"]
[BlackElo "2385"]
[PlyCount "0"]
[EventDate "2021.08.30"]
[EventType "team"]
[EventRounds "9"]
[EventCountry "ECX"]
[WhiteTeam "HUNGARY"]
[BlackTeam "GERMANY 1"]

1. e4 {[%clk 1:30:55]} e6 {[%clk 1:30:55]} 2. d4 {[%clk 1:31:14]} d5
{[%clk 1:31:23]} 3. Nc3 {[%clk 1:31:11]} Bb4 {[%clk 1:31:08]} 4. e5
{[%clk 1:30:44]} c5 {[%clk 1:31:20]} 5. a3 {[%clk 1:30:38]} Bxc3+
{[%clk 1:31:40]} 6. bxc3 {[%clk 1:30:58]} Qc7 {[%clk 1:32:03]} 7. Nf3
{[%clk 1:28:13]} b6 {[%clk 1:27:45]} 8. a4 {[%clk 1:26:29]} Ba6 {[%clk 1:26:07]}
9. Bb5+ {[%clk 1:22:09]} Bxb5 {[%clk 1:23:08]} 10. axb5 {[%clk 1:22:08]} Nd7
{[%clk 1:22:59]} 11. O-O {[%clk 1:17:54]} Qb7 {[%clk 1:17:30]} 12. Ng5
{[%clk 1:06:43]} h6 {[%clk 1:15:27]} 13. Qh5 {[%clk 1:01:10]} g6 {[%clk 1:15:17]}
14. Qh3 {[%clk 0:58:45]} Ne7 {[%clk 1:14:00]} 15. Be3 {[%clk 0:49:24]} a5
{[%clk 1:10:36]} 16. bxa6 {[%clk 0:42:41]} Rxa6 {[%clk 1:10:50]} 17. Nf3
{[%clk 0:42:15]} Qa8 {[%clk 1:09:33]} 18. Rab1 {[%clk 0:35:49]} Ra2
{[%clk 1:03:03]} 19. Ne1 {[%clk 0:29:48]} Ra3 {[%clk 1:01:51]} 20. dxc5
{[%clk 0:28:35]} bxc5 {[%clk 1:01:38]} 21. Bg5 {[%clk 0:27:46]} Nc6
{[%clk 1:00:09]} 22. Bc1 {[%clk 0:22:43]} Ra1 {[%clk 1:00:00]} 23. Rxa1
{[%clk 0:22:00]} Qxa1 {[%clk 1:00:22]} 24. Qe3 {[%clk 0:22:12]} Ncxe5
{[%clk 0:59:42]} 25. Nf3 {[%clk 0:21:11]} Nc6 {[%clk 0:51:35]} 26. h3
{[%clk 0:18:37]} Qa4 {[%clk 0:48:10]} 27. Qe2 {[%clk 0:16:45]} h5
{[%clk 0:44:59]} 28. Ng5 {[%clk 0:14:58]} Ke7 {[%clk 0:42:17]} 29. Re1
{[%clk 0:14:17]} Qc4 {[%clk 0:39:58]} 30. Qe3 {[%clk 0:09:15]} Nd8
{[%clk 0:35:21]} 31. Ba3 {[%clk 0:07:31]} Re8 {[%clk 0:33:43]} 32. f4
{[%clk 0:04:51]} Kf6 {[%clk 0:30:20]} 33. Bc1 {[%clk 0:03:58]} Nc6
{[%clk 0:29:44]} 34. Bd2 {[%clk 0:02:49]} Ne7 {[%clk 0:27:50]} 35. g4
{[%clk 0:02:29]} hxg4 {[%clk 0:25:25]} 36. hxg4 {[%clk 0:02:56]} Nc6
{[%clk 0:21:36]} 37. Qh3 {[%clk 0:02:46]} Nf8 {[%clk 0:19:29]} 38. Qh8+
{[%clk 0:01:55]} Ke7 {[%clk 0:19:30]} 39. Qg7 {[%clk 0:01:49]} Nd8
{[%clk 0:19:29]} 40. Kf2 {[%clk 0:01:21]} Qa4 {[%clk 0:17:50]} 41. Re2
{[%clk 0:01:19]} d4 {[%clk 0:16:30]} 42. Ne4 {[%clk 0:00:49]} Nd7
{[%clk 0:15:08]} 43. f5 {[%clk 0:00:44]}  1-0

[Event "European Senior Team Championship 2021"]
[Site "Don Giovanni hotel, Vinohradska 2733, Prague, Czech Republic"]
[Date "2021.09.03"]
[Round "5"]
[Board "3"]
[White "Baum, Bernd"]
[Black "Volosin, Vladimir"]
[Result "1/2-1/2"]
[WhiteElo "2255"]
[BlackElo "2235"]
[PlyCount "0"]
[EventDate "2021.08.30"]
[EventType "team"]
[EventRounds "9"]
[EventCountry "ECX"]
[WhiteTeam "GERMANY 1"]
[BlackTeam "HUNGARY"]

1. g3 {[%clk 1:30:56]} d5 {[%clk 1:30:28]} 2. Nf3 {[%clk 1:30:56]} c6
{[%clk 1:30:20]} 3. Bg2 {[%clk 1:30:51]} Bf5 {[%clk 1:30:05]} 4. b3
{[%clk 1:27:06]} e6 {[%clk 1:27:49]} 5. Bb2 {[%clk 1:27:23]} Nd7 {[%clk 1:27:17]}
6. d3 {[%clk 1:26:04]} Ngf6 {[%clk 1:26:43]} 7. O-O {[%clk 1:25:53]} a5
{[%clk 1:24:39]} 8. a3 {[%clk 1:20:08]} Bc5 {[%clk 1:20:22]} 9. Nbd2
{[%clk 1:17:40]} O-O {[%clk 1:16:35]} 10. c4 {[%clk 1:15:18]} Qe7
{[%clk 1:09:24]} 11. Re1 {[%clk 1:00:59]} e5 {[%clk 1:03:46]} 12. e4
{[%clk 0:59:42]} dxe4 {[%clk 1:02:45]} 13. Nxe4 {[%clk 0:55:21]} Nxe4
{[%clk 0:57:25]} 14. dxe4 {[%clk 0:55:40]} Bg4 {[%clk 0:56:05]} 15. h3  1/2-1/2

[Event "European Senior Team Championship 2021"]
[Site "Don Giovanni hotel, Vinohradska 2733, Prague, Czech Republic"]
[Date "2021.09.03"]
[Round "5"]
[Board "4"]
[White "Boguszlavszkij, Jevgenyij"]
[Black "Postler, Reinhard"]
[Result "1/2-1/2"]
[WhiteElo "2144"]
[BlackElo "2250"]
[PlyCount "0"]
[EventDate "2021.08.30"]
[EventType "team"]
[EventRounds "9"]
[EventCountry "ECX"]
[WhiteTeam "HUNGARY"]
[BlackTeam "GERMANY 1"]

1. e4 {[%clk 1:29:06]} c5 {[%clk 1:30:51]} 2. Nf3 {[%clk 1:29:26]} e6
{[%clk 1:31:10]} 3. d3 {[%clk 1:29:40]} Nc6 {[%clk 1:31:19]} 4. g3
{[%clk 1:30:02]} Nf6 {[%clk 1:31:09]} 5. Bg2 {[%clk 1:30:23]} d5 {[%clk 1:31:29]}
6. Nbd2 {[%clk 1:30:36]} Be7 {[%clk 1:31:52]} 7. O-O {[%clk 1:30:58]} O-O
{[%clk 1:32:19]} 8. e5 {[%clk 1:27:22]} Nd7 {[%clk 1:32:42]} 9. Re1
{[%clk 1:27:44]} Qc7 {[%clk 1:31:08]} 10. Qe2 {[%clk 1:27:54]} b5
{[%clk 1:28:46]} 11. Nf1 {[%clk 1:27:55]} a5 {[%clk 1:19:35]} 12. h4
{[%clk 1:25:57]} Nd4 {[%clk 1:16:07]} 13. Nxd4 {[%clk 1:25:19]} cxd4
{[%clk 1:16:35]} 14. Bf4 {[%clk 1:24:55]} Bb7 {[%clk 1:12:05]} 15. Nh2
{[%clk 1:22:11]} Rfc8 {[%clk 1:11:48]} 16. Rec1 {[%clk 1:03:31]} Ra6
{[%clk 1:07:56]} 17. Nf3 {[%clk 0:56:37]} Bc5 {[%clk 1:02:33]} 18. c3
{[%clk 0:47:45]} dxc3 {[%clk 1:01:53]} 19. Rxc3 {[%clk 0:42:17]} b4
{[%clk 0:59:43]} 20. Rcc1 {[%clk 0:42:09]} Rc6 {[%clk 0:55:37]} 21. d4
{[%clk 0:40:41]} Ba6 {[%clk 0:53:24]} 22. Qd1 {[%clk 0:38:33]} Be7
{[%clk 0:52:49]} 23. Rxc6 {[%clk 0:38:16]} Qxc6 {[%clk 0:53:13]} 24. Rc1
{[%clk 0:38:36]} Qb7 {[%clk 0:48:49]} 25. Bf1 {[%clk 0:37:36]}  1/2-1/2

[Event "European Senior Team Championship 2021"]
[Site "Don Giovanni hotel, Vinohradska 2733, Prague, Czech Republic"]
[Date "2021.09.03"]
[Round "5"]
[Board "1"]
[White "Kolbak, Jens"]
[Black "Pribyl, Josef"]
[Result "0-1"]
[WhiteElo "2169"]
[BlackElo "2226"]
[PlyCount "0"]
[EventDate "2021.08.30"]
[EventType "team"]
[EventRounds "9"]
[EventCountry "ECX"]
[WhiteTeam "SK 2012"]
[BlackTeam "CHESS ACADEMY PRAHA"]

1. c4 {[%clk 1:30:53]} e5 {[%clk 1:30:50]} 2. Nc3 {[%clk 1:31:11]} Nc6
{[%clk 1:31:08]} 3. Nf3 {[%clk 1:31:17]} Nf6 {[%clk 1:31:15]} 4. a3
{[%clk 1:31:10]} d5 {[%clk 1:31:13]} 5. cxd5 {[%clk 1:31:24]} Nxd5
{[%clk 1:31:41]} 6. e3 {[%clk 1:31:16]} Nxc3 {[%clk 1:29:38]} 7. bxc3
{[%clk 1:31:36]} e4 {[%clk 1:29:11]} 8. Nd4 {[%clk 1:30:48]} Ne5 {[%clk 1:28:49]}
9. f4 {[%clk 1:21:27]} exf3 {[%clk 1:29:03]} 10. Nxf3 {[%clk 1:21:41]} Nd3+
{[%clk 1:29:14]} 11. Bxd3 {[%clk 1:20:27]} Qxd3 {[%clk 1:29:40]} 12. Qe2
{[%clk 1:14:28]} Bf5 {[%clk 1:30:09]} 13. Qxd3 {[%clk 1:09:56]} Bxd3
{[%clk 1:30:35]} 14. Ne5 {[%clk 1:08:13]} Ba6 {[%clk 1:30:54]} 15. d4
{[%clk 1:07:01]} Bd6 {[%clk 1:30:38]} 16. Nf3 {[%clk 1:07:01]} f5
{[%clk 1:29:30]} 17. Kf2 {[%clk 1:06:25]} O-O {[%clk 1:28:41]} 18. Bb2
{[%clk 1:02:56]} Rae8 {[%clk 1:28:56]} 19. Rhe1 {[%clk 0:58:00]} Re6
{[%clk 1:20:01]} 20. Rac1 {[%clk 0:46:44]} b6 {[%clk 1:16:46]} 21. c4
{[%clk 0:45:12]} c5 {[%clk 1:16:36]} 22. g3 {[%clk 0:42:55]} h6 {[%clk 1:13:02]}
23. Nd2 {[%clk 0:29:49]} Rfe8 {[%clk 1:12:16]} 24. d5 {[%clk 0:29:01]} R6e7
{[%clk 1:10:46]} 25. a4 {[%clk 0:27:52]} Bc8 {[%clk 1:08:47]} 26. Ra1
{[%clk 0:26:45]} Bd7 {[%clk 1:00:45]} 27. Ra3 {[%clk 0:25:20]} g5
{[%clk 0:55:16]} 28. Rg1 {[%clk 0:24:23]} Kf7 {[%clk 0:54:56]} 29. Re1
{[%clk 0:15:49]} Kg6 {[%clk 0:55:21]} 30. Nf3 {[%clk 0:13:48]} f4
{[%clk 0:44:51]} 31. gxf4 {[%clk 0:12:32]} gxf4 {[%clk 0:45:17]} 32. Bc1
{[%clk 0:11:26]} Bg4 {[%clk 0:42:48]} 33. exf4 {[%clk 0:10:16]} Rxe1
{[%clk 0:43:03]} 34. Nxe1 {[%clk 0:10:40]} Re2+ {[%clk 0:43:13]} 35. Kf1
{[%clk 0:11:04]} Rxh2 {[%clk 0:43:20]} 36. Be3 {[%clk 0:04:47]} Kf5
{[%clk 0:40:26]} 37. Kg1 {[%clk 0:04:38]} Re2 {[%clk 0:38:50]} 38. Bf2
{[%clk 0:04:31]} Bxf4 {[%clk 0:37:14]} 39. Ng2 {[%clk 0:04:49]} Bc1
{[%clk 0:32:16]} 40. Rd3 {[%clk 0:02:38]} Ke4 {[%clk 0:31:17]} 41. Rg3
{[%clk 0:01:38]} h5 {[%clk 0:30:52]} 42. a5 {[%clk 0:02:00]} Rc2 {[%clk 0:25:17]}
43. axb6 {[%clk 0:01:57]} axb6 {[%clk 0:25:46]} 44. Rb3 {[%clk 0:02:09]} Rb2
{[%clk 0:24:10]} 45. Rg3 {[%clk 0:00:58]} Bd2 {[%clk 0:20:49]} 46. Ra3 Bg5
{[%clk 0:49:59]} 47. Ra8 {[%clk 0:25:50]} Kd3 {[%clk 0:45:05]} 48. d6
{[%clk 0:22:00]} Rb1+ {[%clk 0:44:26]} 49. Kh2 {[%clk 0:20:55]} Kxc4
{[%clk 0:44:07]} 50. Rg8 {[%clk 0:20:41]} Rb2 {[%clk 0:33:53]} 51. Kg1
{[%clk 0:17:17]} Bc1 {[%clk 0:32:12]} 52. Rg7 {[%clk 0:14:17]} Kb5
{[%clk 0:27:34]} 53. Ne3 {[%clk 0:09:49]} Bxe3 {[%clk 0:20:50]} 54. Bxe3
{[%clk 0:10:13]} Rb4 {[%clk 0:19:58]} 55. Kf2 {[%clk 0:07:53]} Kc6
{[%clk 0:20:11]} 56. Rg6 {[%clk 0:08:14]} Rb3 {[%clk 0:18:29]} 57. Bg5
{[%clk 0:06:51]} Bd7 {[%clk 0:16:48]} 58. Bf4 {[%clk 0:06:20]} h4
{[%clk 0:16:55]}  0-1

[Event "European Senior Team Championship 2021"]
[Site "Don Giovanni hotel, Vinohradska 2733, Prague, Czech Republic"]
[Date "2021.09.03"]
[Round "5"]
[Board "2"]
[White "Mlynek, Petr"]
[Black "Jorgensen, Jorgen"]
[Result "1/2-1/2"]
[WhiteElo "2058"]
[BlackElo "2165"]
[PlyCount "0"]
[EventDate "2021.08.30"]
[EventType "team"]
[EventRounds "9"]
[EventCountry "ECX"]
[WhiteTeam "CHESS ACADEMY PRAHA"]
[BlackTeam "SK 2012"]

1. d4 {[%clk 1:30:55]} f5 {[%clk 1:30:47]} 2. c4 {[%clk 1:30:57]} Nf6
{[%clk 1:31:06]} 3. Nf3 {[%clk 1:31:12]} g6 {[%clk 1:31:27]} 4. g3
{[%clk 1:31:13]} Bg7 {[%clk 1:31:48]} 5. Bg2 {[%clk 1:31:37]} d6 {[%clk 1:31:49]}
6. Nc3 {[%clk 1:31:12]} O-O {[%clk 1:31:48]} 7. O-O {[%clk 1:31:10]} c6
{[%clk 1:31:49]} 8. d5 {[%clk 1:30:44]} Bd7 {[%clk 1:31:31]} 9. Nd4
{[%clk 1:27:27]} cxd5 {[%clk 1:16:55]} 10. cxd5 {[%clk 1:26:25]} Na6
{[%clk 1:16:45]} 11. e4 {[%clk 1:16:00]} fxe4 {[%clk 1:11:18]} 12. Nxe4
{[%clk 1:16:02]} Nxe4 {[%clk 1:09:09]} 13. Bxe4 {[%clk 1:16:24]} Nc5
{[%clk 1:09:04]} 14. Bg2 {[%clk 1:16:06]} Qb6 {[%clk 1:07:42]} 15. b3
{[%clk 1:06:08]} a5 {[%clk 0:32:55]} 16. Be3 {[%clk 1:04:26]} Qa6
{[%clk 0:33:05]} 17. Re1 {[%clk 1:02:18]} Rae8 {[%clk 0:31:20]} 18. Rc1
{[%clk 0:58:37]} Rf7 {[%clk 0:26:22]} 19. Bf1 {[%clk 0:57:25]} Qa8
{[%clk 0:26:25]} 20. Bb5 {[%clk 0:57:17]} Bxd4 {[%clk 0:25:32]} 21. Bxd7
{[%clk 0:55:11]} Bxe3 {[%clk 0:25:48]} 22. Bxe8 {[%clk 0:55:02]} Bxf2+
{[%clk 0:25:38]} 23. Kg2 {[%clk 0:55:11]} Qxe8 {[%clk 0:25:11]} 24. Re2
{[%clk 0:54:26]} Qb5 {[%clk 0:21:36]} 25. Rc4 {[%clk 0:54:22]} Bxg3
{[%clk 0:21:04]} 26. hxg3 {[%clk 0:54:09]} a4 {[%clk 0:21:14]} 27. Re3
{[%clk 0:50:47]} axb3 {[%clk 0:19:43]} 28. axb3 {[%clk 0:51:07]} Qa6
{[%clk 0:18:52]} 29. Qe2 {[%clk 0:50:00]} Kf8 {[%clk 0:17:48]} 30. b4
{[%clk 0:48:21]} Nd7 {[%clk 0:17:35]} 31. Rc8+ {[%clk 0:43:33]} Kg7
{[%clk 0:18:02]} 32. Qxa6 {[%clk 0:42:43]} bxa6 {[%clk 0:18:30]} 33. Rc6
{[%clk 0:42:25]} Nf6 {[%clk 0:16:20]} 34. Rd3 {[%clk 0:41:39]} Ng4
{[%clk 0:16:41]} 35. Rf3 {[%clk 0:38:45]} Nf6 {[%clk 0:16:41]} 36. Rxa6 Rf8 37.
Ra7 {[%clk 0:33:43]} Kf7 {[%clk 0:16:51]} 38. Rb7 {[%clk 0:32:47]} Ra8
{[%clk 0:15:37]} 39. b5 {[%clk 0:32:36]} Ke8 {[%clk 0:15:25]} 40. Rd3
{[%clk 0:29:05]} Nd7 {[%clk 0:14:34]} 41. b6 {[%clk 0:21:18]} Ra2+
{[%clk 0:18:13]} 42. Kh3 {[%clk 0:51:22]} Rb2 {[%clk 0:13:06]} 43. Ra3
{[%clk 0:51:20]} Nxb6 {[%clk 0:11:09]} 44. Rb8+ {[%clk 0:35:11]} Kf7
{[%clk 0:11:26]} 45. Rf3+ {[%clk 0:35:24]} Kg7 {[%clk 0:11:18]} 46. Rb7
{[%clk 0:35:43]} Kh6 {[%clk 0:09:18]} 47. Rf7 {[%clk 0:35:41]} Rb4
{[%clk 0:07:30]} 48. Rfxe7 {[%clk 0:35:05]} Kg5 {[%clk 0:07:06]} 49. Rxh7
{[%clk 0:34:32]} Nxd5 {[%clk 0:06:41]} 50. Rxb4 {[%clk 0:34:29]} Nxb4
{[%clk 0:07:09]} 51. Rb7 {[%clk 0:34:42]} Nd3 {[%clk 0:07:23]} 52. Rd7
{[%clk 0:33:18]} Nf2+ {[%clk 0:06:19]} 53. Kg2 {[%clk 0:33:41]} Ne4
{[%clk 0:06:00]} 54. Kf3 {[%clk 0:32:44]} Kf5 {[%clk 0:03:33]} 55. g4+
{[%clk 0:31:27]} Ke6 {[%clk 0:04:00]} 56. Rd8 {[%clk 0:31:32]} Ng5+
{[%clk 0:03:58]} 57. Kf4 {[%clk 0:31:18]} Nf7 {[%clk 0:04:03]} 58. Rf8
{[%clk 0:29:10]} g5+ {[%clk 0:04:17]} 59. Ke4 {[%clk 0:24:20]} Ne5
{[%clk 0:03:16]} 60. Re8+ {[%clk 0:23:52]} Kf6 {[%clk 0:03:32]} 61. Rf8+
{[%clk 0:23:56]} Ke6 {[%clk 0:04:00]} 62. Rf5 {[%clk 0:22:43]} Nxg4
{[%clk 0:04:20]} 63. Rxg5 {[%clk 0:23:05]} Nf6+ {[%clk 0:04:45]}  1/2-1/2

[Event "European Senior Team Championship 2021"]
[Site "Don Giovanni hotel, Vinohradska 2733, Prague, Czech Republic"]
[Date "2021.09.03"]
[Round "5"]
[Board "3"]
[White "Holst, Per"]
[Black "Horak, Vladimir"]
[Result "1/2-1/2"]
[WhiteElo "2097"]
[BlackElo "1954"]
[PlyCount "0"]
[EventDate "2021.08.30"]
[EventType "team"]
[EventRounds "9"]
[EventCountry "ECX"]
[WhiteTeam "SK 2012"]
[BlackTeam "CHESS ACADEMY PRAHA"]

1. d4 {[%clk 1:30:54]} e6 {[%clk 1:30:42]} 2. Nf3 {[%clk 1:31:15]} d5
{[%clk 1:31:09]} 3. g3 {[%clk 1:31:35]} Nf6 {[%clk 1:31:17]} 4. Bg2
{[%clk 1:31:55]} Nbd7 {[%clk 1:30:57]} 5. O-O {[%clk 1:30:59]} Be7
{[%clk 1:29:32]} 6. c4 {[%clk 1:31:15]} O-O {[%clk 1:29:29]} 7. Qc2
{[%clk 1:31:27]} c6 {[%clk 1:26:59]} 8. Nbd2 {[%clk 1:31:12]} Re8
{[%clk 1:25:46]} 9. e4 {[%clk 1:31:04]} dxe4 {[%clk 1:24:19]} 10. Nxe4
{[%clk 1:31:19]} Nxe4 {[%clk 1:24:13]} 11. Qxe4 {[%clk 1:31:38]} c5
{[%clk 1:19:33]} 12. Rd1 {[%clk 1:26:27]} Nf6 {[%clk 1:15:08]} 13. Qc2
{[%clk 1:25:07]} Qb6 {[%clk 1:01:05]} 14. d5 {[%clk 1:10:13]} exd5
{[%clk 0:57:17]} 15. cxd5 {[%clk 1:10:26]} Bg4 {[%clk 0:56:49]} 16. Qc4
{[%clk 0:53:07]} Bd6 {[%clk 0:45:46]} 17. Be3 {[%clk 0:47:51]} Re4
{[%clk 0:35:38]} 18. Qc2 {[%clk 0:41:22]} Ree8 {[%clk 0:25:22]} 19. Qc4
{[%clk 0:28:17]} h6 {[%clk 0:24:10]} 20. Rdc1 {[%clk 0:26:25]} Rac8
{[%clk 0:21:40]} 21. Nd2 {[%clk 0:23:45]} Bf5 {[%clk 0:19:16]} 22. Bf4
{[%clk 0:21:49]} Qc7 {[%clk 0:11:49]} 23. Bxd6 {[%clk 0:20:16]} Qxd6
{[%clk 0:12:16]} 24. Qb5 {[%clk 0:19:25]} Be4 {[%clk 0:05:17]} 25. Nc4
{[%clk 0:15:48]} Qxd5 {[%clk 0:05:00]} 26. Rd1 {[%clk 0:15:56]} Qc6
{[%clk 0:03:46]} 27. Qxc6 {[%clk 0:15:31]} Rxc6  1/2-1/2